000 00709nam a22002297a 4500
003 UA-OsUOA
001 78923
007 ta
008 20111024b un ||||| |||| 00| 0 ukr d
090 _a226
_bП27
942 _cBK
040 _aUA-OsUOA
_bukr
_cUA-OsUOA
_dUA-OsUOA
245 _aПересопницьке Євангеліє 1556 - 1561
_bДослідження. Транслітерований текст. Словопокажчик.
_cгол. ред. О. С. Онищенко
300 _a700 с.
955 _a1
041 _aukr
080 _a226
020 _a966-02-2138-Х
260 _aК.
_bНБУВ
_c2001
650 7 _a22 Біблія. Святе писання
_2UDC
999 _c365241
_d365241